ბათუმის შოთა რუსთაველის სახელმწიფო უნივერსიტეტის ბიბლიოთეკა

საერთაშორისო მარკეტინგი : (ბიბ.ჩანაწერი № 62086)

000 -ლიდერი
ფიქსირებული სიგრძის საკონტროლო ველი 01210nam a22002177a 4500
003 - საკონტროლო ნომრის იდენტიფიკატორი
საკონტროლო ველი Ge_BSU
005 - ბოლო ოპერაციის თარიღი და დრო
საკონტროლო ველი 20240705153751.0
008 - ფიქსირებული სიგრძის მონაცემთა ელემენტები - ზოგადი ინფორმაცია
ფიქსირებული სიგრძის საკონტროლო ველი 240705s2022 ge ||||| |||| 00| 0 geo d
020 ## - წიგნის საერთაშორისო სტანდარტული ნომერი
International Standard Book Number 9789941334023
041 ## - ენის კოდი
Language code of text/sound track or separate title geo
080 ## - უნივერსალური ათობითი კლასიფიკაციის ინდექსი
Universal Decimal Classification number 339.13(075.8)ნ-24
100 ## - მთავარი ჩანაწერი - პიროვნების სახელი
Personal name ნანიტაშვილი, მანანა, ავტორი.
9 (RLIN) 22737
245 ## - ცნობა სათაურის შესახებ
Title საერთაშორისო მარკეტინგი :
Remainder of title [სახელმძღვანელო] /
Statement of responsibility, etc მანანა ნანიტაშვილი ; რედ. გიორგი შუბლაძე ; ყდის დიზაინერი ირაკლი უშვერიძე
264 ## - წარმოების, გამოცემის, დისტრიბუციის და სხვა ცნობები
გამოცემის, წარმოების, დისტრიბუციის... ადგილი თბილისი :
გამოცემის, წარმოების, დისტრიბუციის... სახელწოდება უნივერსალი,
გამოცემის, წარმოების, დისტრიბუციის... თარიღი 2022.
300 ## - ფიზიკური აღწერა
Extent 410 გვ. :
Other physical details ნახ., ცხრ. ;
Dimensions 20 სმ.
504 ## - BIBLIOGRAPHY, ETC. NOTE
Bibliography, etc ბიბლიოგრაფია: გვ. 406-409.
653 ## - INDEX TERM--UNCONTROLLED
Uncontrolled term მარკეტინგი
700 ## - ADDED ENTRY--PERSONAL NAME
Personal name შუბლაძე, გიორგი
Relator term რედაქტორი და სხვ.
9 (RLIN) 572
710 ## - ADDED ENTRY--CORPORATE NAME
Corporate name or jurisdiction name as entry element ახალი უმაღლესი სასწავლებელი-ნიუუნი.
9 (RLIN) 22738
942 ## - ADDED ENTRY ELEMENTS (KOHA)
Source of classification or shelving scheme
Koha item type წიგნი
ეგზემპლარები
ჩამოწერის სტატუსი დაკარგული ეგზემპლარის სტატუსი კლასიფიკაციის წყარო ან თაროზე გაწყობის სქემა დაზიანების სტატუსი არ გაიცემა მუდმივი მდებარეობა (დაცვის ადგილი) ამჟამინდელი ადგილსამყოფელი თაროზე განთავსების ადგილი შეძენის თარიღი ღირებულება, შესყიდვის ნორმალური ფასი სრული შენახვის შიფრი შტრიხკოდი ბოლო ოპერაციის თარიღი ეგზემპლარის მიმდევრობითი ნომერი (კეტერი?) ფასის ძალაში შესვლის თარიღი ეგზემპლარის სახეობა საჯარო შენიშვნა
          ბათუმის შოთა რუსთაველის სახელმწიფო უნივერსიტეტის მთავარი ბიბლიოთეკა ბათუმის შოთა რუსთაველის სახელმწიფო უნივერსიტეტის მთავარი ბიბლიოთეკა წიგნსაცავი 2024-07-05 42.00 339.13(075.8)ნ-24 68475 2024-07-05 68475 2024-07-05 წიგნი 42.00
          ბათუმის შოთა რუსთაველის სახელმწიფო უნივერსიტეტის მთავარი ბიბლიოთეკა ბათუმის შოთა რუსთაველის სახელმწიფო უნივერსიტეტის მთავარი ბიბლიოთეკა წიგნსაცავი 2024-07-05 42.00 339.13(075.8)ნ-24 68476 2024-07-05 68476 2024-07-05 წიგნი 42.00
          ბათუმის შოთა რუსთაველის სახელმწიფო უნივერსიტეტის მთავარი ბიბლიოთეკა ბათუმის შოთა რუსთაველის სახელმწიფო უნივერსიტეტის მთავარი ბიბლიოთეკა წიგნსაცავი 2024-07-05 42.00 339.13(075.8)ნ-24 68477 2024-07-05 68477 2024-07-05 წიგნი 42.00
          ბათუმის შოთა რუსთაველის სახელმწიფო უნივერსიტეტის მთავარი ბიბლიოთეკა ბათუმის შოთა რუსთაველის სახელმწიფო უნივერსიტეტის მთავარი ბიბლიოთეკა წიგნსაცავი 2024-07-05 42.00 339.13(075.8)ნ-24 68478 2024-07-05 68478 2024-07-05 წიგნი 42.00
          ბათუმის შოთა რუსთაველის სახელმწიფო უნივერსიტეტის მთავარი ბიბლიოთეკა ბათუმის შოთა რუსთაველის სახელმწიფო უნივერსიტეტის მთავარი ბიბლიოთეკა წიგნსაცავი 2024-07-05 42.00 339.13(075.8)ნ-24 68479 2024-07-05 68479 2024-07-05 წიგნი 42.00